000 00492cam a2200181 i 4500
005 20260406123430.0
008 250721s2000 xxk gr 000 f eng d
020 _a043527725X
082 1 4 _aJER
_bJ E R
100 1 _aJEROME, JEROME K.
_eAuthor.
245 1 0 _aTHREE MEN IN BOAT /
_cJohn Milne.
264 3 1 _alondon :
_bOXFORD UNIVERSITY PRESS,
_c2000.
300 _a104 page.
650 1 7 _aEnglish literature.
650 1 7 _aNovels.
942 _2ddc
_cBK
999 _c142456
_d142456